000
00388 a2200133 4500
000
nam a22 7a 4500
100
_a
रजनी रानी
110
_a
रजनी रानी
245
_a
हिन्दी भाषा और साहित्य
250
_a
Latest edition
260
_b
दिव्यम
_c
2024
264
_b
दिव्यम
_c
2024
942
_c
BK
999
_c
396664
_d
396664